=LDR 00000nam 2200000 4500 =001 INLIS000000000020364 =005 20130612115324 =008 ***********************************ind** =035 ##$$a0010-061300000020364 =041 ##$$a ind =082 ##$$a 500 =090 ##$$a 500, Aly i =100 ##$$a Aly, Abdullah =245 ##$$a Ilmu alamiah dasar ( MKDU ), Abdullah Aly, Eny Rahma =260 ##$$a 2004 $b Jakarta =300 ##$$a xii, 180 hlm, 21 cm =650 ##$$a Ilmu Alamiah Dasar =850 ##$$a NBPNMAT =990 ##$$a 93810/BPAP-NTB/2014 =990 ##$$a 0001/BPAP-NTB/20142014